000 00549nam a2200121Ia 4500
008 171212s9999 xx 000 0 und d
020 _a9780833087546
100 _aMattke, Soeren;Liu, Hangsheng;Hirshman, Samuel;Wah, Saw H.;Newberry, Sydne
245 _cMattke, Soeren;Liu, Hangsheng;Hirshman, Samuel;Wah, Saw H.;Newberry, Sydne
_aQuantitative Evaluation of the Impact of the Healthy Communities Initiative in Cincinnati
260 _bRAND Corporation
_c2014
650 _aHealth Sciences
856 _uhttp://www.jstor.org/stable/10.7249/j.ctt14bs337
999 _c352456
_d352456